000 00601 a2200169 4500
020 _a039571995X (hardcover)
020 _a9780395719954 (hardcover)
090 _c4060
_d4060
100 1 _aHill.
245 1 0 _aStrategic management theory /
_cHill.
250 _a3rd ed.
260 _a[S.l.] :
_bHoughton Mifflin College Div,
_c1994.
300 _a544 p. ;
_c25 cm.
520 _aA work on the theory of strategic management. An ancillary package is available on adoption.
856 4 0 _3Amazon.com
_uhttp://www.amazon.com/exec/obidos/ASIN/039571995X/chopaconline-20
942 _aNBS
_cBK
_k658.4012 HIL
999 _c346516
_d346516